Ciencias sociales 1 /

Guardado en:
Autor Principal: Mérega, Herminia
Otros Autores: Barraza, Natalia Alfonsina, Celotto, Amanda, García, Patricia, Morichetti, María, Sagol, Ceciliak G., Vissani, Victoria M.
Formato: Libro
Publicado: Buenos Aires : Santillana, 2010
Series:Saber es clave
Materias:
Etiquetas: Agregar Etiqueta
Sin Etiquetas, Sea el primero en etiquetar este registro!
LEADER 02255nam a22003375a 4500
001 CEM.cems013387
005 20100714121441.0
008 130507s2010##################000#0#####d
003 CEMS
020 |a 9789504622062 
082 0 4 |a Z302 
100 1 |a Mérega, Herminia 
245 1 0 |a Ciencias sociales 1 /  |c Dirección de Herminia Mérega y Graciela Pérez de Lois 
260 |a Buenos Aires :  |b Santillana,  |c 2010 
300 |a 272 p. 
490 0 |a Saber es clave 
505 0 |a El comienzo de la historia -- La historia, el estudio del pasado -- Los primeros pasos del hombre: el Paleolítico -- Los primeros pobladores de América -- El Neolítico: el trabajo humano se apropia del espacio -- Los primeros Estados de la historia -- Territorios, gobiernos, leyes: los Estados -- la Mesopotamia: el país entre dos ríos -- Egipto, un pueblo junto al Nilo -- Los Estados durante el primer milenio -- Sociedades y estados de América -- La construcción de Occidente: Grecia y Roma -- La antigua Grecia -- La civilización griega -- Roma: un Imperio controla el Mediterráneo -- La civilización romana -- La construcción de Occidente: la Edad Media -- Los comienzos de la Edad Media -- La época feudal -- El fin de la Edad Media -- Sociedad y naturaleza -- Localización y representación terrestre -- La litosfera y la superficie terrestre -- Las condiciones climáticas y su variabilidad -- Los biomas terrestres y su transformación -- Las fuentes naturales de agua -- La población en espacios rurales y urbanos -- La población del mundo -- Espacios rurales: población rural y actividades primarias -- Ciudades: espacios en expansión 
653 |a Ciencias sociales 
653 |a Historia 
653 |a Geografía 
653 |a Ciencias sociales-7º egb 
653 |a Ciencias sociales-1º esb 
700 1 |a Barraza, Natalia Alfonsina 
700 1 |a Celotto, Amanda 
700 1 |a García, Patricia 
700 1 |a Morichetti, María 
700 1 |a Sagol, Ceciliak G. 
700 1 |a Vissani, Victoria M. 
859 |a CEMS  |b BIB. CEMS - 11 de abril  |h Z302  |i M559  |p 25986.10  |t Ej.1  |v 1º  |3 1º 
859 |a CEMS  |b BIB. CEMS - 11 de abril  |h Z302  |i M559  |p 25987.10  |t Ej.2  |v 1º  |3 1º 
859 |a CEMS  |b BIB. CEMS - 11 de abril  |h Z302  |i M559  |p 26008.10  |t Ej.3  |v 1º  |3 1º